|
|
|
|
| LEADER |
00776nam a22002177a 4500 |
| 001 |
1963 |
| 003 |
BD-DhAAL |
| 005 |
20150107165151.0 |
| 008 |
150107s1984 enk||||| b||| 00| 0 eng d |
| 040 |
|
|
|a BD-DhAAL
|c BD-DhAAL
|
| 082 |
|
|
|2 22
|a 301.31
|
| 245 |
|
|
|a World Fertility Survey :
|b major findings and implications.
|
| 260 |
|
|
|a London :
|b World Fertility Survey,
|c 1984
|
| 300 |
|
|
|a viii, 61 pages :
|b illustrations ;
|c 24 cm
|
| 541 |
|
|
|e 1963
|
| 650 |
|
|
|a Fertility, Human.
|9 7096
|
| 710 |
|
|
|a World Fertility Survey.
|9 7166
|
| 852 |
|
|
|a Ayesha Abed Library
|
| 942 |
|
|
|2 ddc
|c BK
|
| 999 |
|
|
|c 33404
|d 33404
|
| 952 |
|
|
|0 0
|1 0
|2 ddc
|4 0
|6 301_310000000000000_WOR
|7 0
|9 44646
|a BRACUL
|b BRACUL
|c GEN
|d 2015-01-07
|g 0.00
|l 0
|o 301.31 WOR
|p 3010001963
|r 2015-01-07
|t 1
|w 2015-01-07
|y BK
|z Not price in Register
|